00720 a2200169 4500020001100000035001300011037004500024082001100069090001500080245015600095260004400251270006600295300002400361942002600385999001500411952012400426 c150.00 aB-210716 bRP-ZLS-2742 / UBH-07-08:4 / RP-07-08:ENG14a302.34 c5709d57091 aThe new GD kpath-finder 2006ba complete guide to Ace group discussion : case studies, abstract topics, analyses by experts, comprehensive introduction aMumbaibIMS Learning Resonrces,c(200?) a6th Floor, NCL Premises Bandra Kurla Complex,bBandracMumbai a120 pc24 cm (pbk) adplcENk302.34 / THE c5602d5602 00102ddc40708NFICaZLSbZLSd2012-04-13l0o302.34 NEWpB-210716r2008-09-15 00:00:00u6004v150.00w2008-09-15yEN